Five Unit Match-up Quiz Stats

 Plays Quiz Updated Jan 20, 2017

Score 0/10 Timer 08:00
1 Play Today
% Correct
liter
91.8%
hour
88.5%
square foot
71.8%
grad
47.3%
angstrom
44.8%
torr
36.5%
becquerel
28.8%
ampere
20.4%
electron volt
19.9%
newton
18.7%

You're not logged in!

Compare scores with friends on all Sporcle quizzes.
OR
Log In

Show Comments

Extras

Top Quizzes Today


Score Distribution

Your Account Isn't Verified!

In order to create a playlist on Sporcle, you need to verify the email address you used during registration. Go to your Sporcle Settings to finish the process.

Report this User

Report this user for behavior that violates our Community Guidelines.

Details: